ბათუმის შოთა რუსთაველის სახელმწიფო უნივერსიტეტის ბიბლიოთეკა

მცენარის სიცოცხლე. (ბიბ.ჩანაწერი № 44697)

000 -LEADER
fixed length control field 00699nam a2200217Ia 4500
001 - CONTROL NUMBER
control field 11501
003 - CONTROL NUMBER IDENTIFIER
control field GE_BSU
008 - FIXED-LENGTH DATA ELEMENTS--GENERAL INFORMATION
fixed length control field 181216s||||||||xx |||||||||||||| ||und||
040 ## - CATALOGING SOURCE
Transcribing agency GE_BSU
080 ## - UNIVERSAL DECIMAL CLASSIFICATION NUMBER
Universal Decimal Classification number 581.1
100 ## - MAIN ENTRY--PERSONAL NAME
Personal name ტიმირიაზევი,კ.ა.
245 ## - TITLE STATEMENT
Title მცენარის სიცოცხლე.
245 ## - TITLE STATEMENT
Statement of responsibility, etc. რედ:ს.საყვარელიძე.
260 ## - PUBLICATION, DISTRIBUTION, ETC.
Place of publication, distribution, etc. თბილისი.
260 ## - PUBLICATION, DISTRIBUTION, ETC.
Name of publisher, distributor, etc. სახელგამი.
260 ## - PUBLICATION, DISTRIBUTION, ETC.
Date of publication, distribution, etc. 1956.
300 ## - PHYSICAL DESCRIPTION
Extent 273გვ;28სმ.
300 ## - PHYSICAL DESCRIPTION
Accompanying material 1ფ.პორტრ;ილ;დამატება გვ:184–223.
653 ## - INDEX TERM--UNCONTROLLED
Uncontrolled term მცენარეთა სიცოცხლე.
942 ## - ADDED ENTRY ELEMENTS (KOHA)
Koha item type წიგნი
ეგზემპლარები
Withdrawn status Lost status Damaged status Not for loan Date acquired Barcode Date last seen Price effective from Koha item type
        2018-12-17 19685 2018-12-17 2018-12-17 წიგნი
        2018-12-17 19684 2018-12-17 2018-12-17 წიგნი
        2018-12-17 19683 2018-12-17 2018-12-17 წიგნი
        2018-12-17 19682 2018-12-17 2018-12-17 წიგნი